|
|
|
|
| LEADER |
01320nam a2200265 a 4500 |
| 001 |
564201 |
| 008 |
110130s1990 nyua b 001 0 eng d |
| 010 |
|
|
|a 89022488
|
| 020 |
|
|
|a 0442001509
|
| 040 |
|
|
|a DLC
|c DLC
|d DLC
|d BD-DhAAL
|
| 082 |
0 |
0 |
|a 658/.05
|2 20
|
| 100 |
1 |
|
|a Vossen, Ruediger.
|
| 245 |
1 |
0 |
|a Computer operations management /
|c Ruediger Vossen and Thomas E. Curtin.
|
| 260 |
|
|
|a New York, N.Y. :
|b Van Nostrand Reinhold,
|c 1990.
|
| 300 |
|
|
|a xi, 225 p. :
|b ill. ;
|c 25 cm.
|
| 504 |
|
|
|a Includes bibliographical references (p. 219).
|
| 541 |
1 |
|
|e 00007827
|
| 650 |
|
0 |
|a Electronic data processing
|x Management.
|
| 700 |
1 |
|
|a Curtin, Thomas E.
|
| 852 |
|
|
|a Ayesha Abed Library
|c General Shelf.
|
| 999 |
|
|
|c 10415
|d 10415
|
| 952 |
|
|
|0 0
|1 0
|2 ddc
|4 0
|6 658_050000000000000_VOS
|7 0
|9 14284
|a BRACUL
|b BRACUL
|c GEN
|d 2011-01-31
|l 0
|o 658.05 VOS
|p 3010007827
|r 2011-01-31
|t 1
|w 2011-01-31
|y BK
|
| 952 |
|
|
|0 0
|1 0
|2 ddc
|4 0
|6 658_050000000000000_VOS
|7 0
|9 14285
|a BRACUL
|b BRACUL
|c GEN
|d 2011-01-31
|l 0
|o 658.05 VOS
|p 3010007828
|r 2011-01-31
|t 2
|w 2011-01-31
|y BK
|
| 952 |
|
|
|0 0
|1 0
|2 ddc
|4 0
|6 658_050000000000000_VOS
|7 0
|9 43304
|a SCL
|b SCL
|c GEN
|d 2014-07-20
|l 0
|o 658.05 VOS
|p 3020003759
|r 2014-07-20
|t 3
|w 2014-07-20
|y BK
|
| 952 |
|
|
|0 0
|1 0
|2 ddc
|4 0
|6 658_050000000000000_VOS
|7 0
|9 43305
|a SCL
|b SCL
|c GEN
|d 2014-07-20
|l 0
|o 658.05 VOS
|p 3020003758
|r 2014-07-20
|t 4
|w 2014-07-20
|y BK
|